| 000 | 00808 a2200205 4500 | ||
|---|---|---|---|
| 005 | 20141209115731.0 | ||
| 008 | 141209s2003 ck ||||gr|||| 00| 0 spa d | ||
| 040 |
_aCO-BoUCM _bspa _cJose A. Gerena _dJose A. Gerena |
||
| 041 | 0 | _aspa | |
| 245 | 0 | 0 |
_aViolencia intrafamiliar en Bogotá D.C _baños 2001-2002 _cAlcaldía mayor de Bogotá |
| 260 |
_c2003 _aBogotá (Colombia) _bAlcaldía mayor de Bogotá |
||
| 300 |
_a24 páginas _bcuadros, gráficas |
||
| 650 | 7 |
_926285 _aViolencia familiar _zBogotá (Colombia) |
|
| 650 | 7 |
_912602 _aDelitos sexuales _zBogotá (Colombia) |
|
| 651 | 4 |
_aBogotá (Colombia) _xCondiciones sociales _927748 |
|
| 690 |
_942914 _aSociología |
||
| 710 | 2 |
_aAlcaldía mayor de Bogotá _956619 |
|
| 942 |
_2DEWEY _a5 _cLIBRO _e1 _h362.82 _mV795 |
||
| 999 |
_c297761 _d297761 |
||